01056 a2200217 45000010006000000050017000060080041000230030015000640400040000790800081001192450062002000200018002622640033002803000019003135050315003320410008006471000035006557000028006907000025007188560095007434121920260407155706.0260407a2001 arg spa dAR-UNSa-BCEJYS aAR-UNSa-BCEJYSbspacAR-UNSa-BCEJYS a343.53xFraudes en el comercio y en la industria (Derecho Penal Económico)10aPrevención del lavado de dinero en el sector financiero a950-894-331-9 1aBuenos Aires :bAD-HOCc2001 a192 p.c23 cm. a1. Introducción - 2. Qué es una estrategia regulatoria - 3. Los estándares internacionales - 4. Prevención y represión en el régimen argentino - 5. El impacto de las normas regulatorias en la actividad bancaria - 6. Regulación responsable en la prevención del lavado de dinero - 7. Conclusión aspa1 aRodríguez Villar, Pacífico1 aBermejo, Mateo Germán1 aGil Lavedra, Ricardo41uhttps://biblioeco.unsa.edu.ar/pmb/images/libros/L126451.jpgyImagen de portadaqimage/jpeg